00442nam a2200181Ia 4500003000400000005001700004008004100021020001800062040000700080041000800087082002100095100003200116245004000148260003700188300001600225365001300241440000600254OSt20230330093604.0210423s2010 xx 000 0 und d a9788190832267 cAL aeng a541.3223b VISN aVISHNOI (N K);SHUKLA (R J). aTextbook of physical chemistry. V1. aNew DelhibAne Books Indiac2010 axii,174bPB b175cINR v1